[Event "Cartagena Bolivar Cup"]
[Site "Cartagena"]
[Date "2019.04.22"]
[Round "13.6"]
[White "Aguero Jimenez, Luis Lazaro"]
[Black "Espinosa, Julio Manuel"]
[Result "1-0"]
[WhiteElo "2452"]
[BlackElo "2242"]
[PlyCount "66"]
[EventDate "2019.04.22"]
[EventType "swiss"]
[EventRounds "14"]
[EventCountry "COL"]
[SourceTitle "EXT 2024"]
[Source "ChessBase"]
[SourceDate "2023.10.10"]
[SourceVersion "1"]
[SourceVersionDate "2023.10.10"]
[SourceQuality "1"]

1. e4 e5 2. Nf3 Nc6 3. Bb5 g6 4. d4 exd4 5. c3 dxc3 6. Nxc3 Bg7 7. Bg5 f6 8. Bf4 Nh6 9. Nd5 d6 10. Qc1 Ng4 11. Bxc6+ bxc6 12. Qxc6+ Bd7 13. Qxc7 Kf7 14. Bxd6 Qxc7 15. Bxc7 f5 16. Ng5+ Kg8 17. Bd6 Bxb2 18. Rb1 Bd4 19. Rb7 Bxf2+ 20. Kd2 Rd8 21. h3 Bc6 22. Ne7+ Kf8 23. Ne6+ Ke8 24. Ng7+ Kf8 25. Nxg6+ Kg8 26. Ne7+ Kxg7 27. Nxc6+ Kf6 28. Nxd8 Rxd8 29. hxg4 Rxd6+ 30. Ke2 Bb6 31. Rh6+ Ke5 32. Rxd6 Kxd6 33. gxf5 h5 1-0

[Event "Cartagena Bolivar Cup"]
[Site "Cartagena"]
[Date "2019.04.22"]
[Round "5.10"]
[White "Cueto, Jose"]
[Black "Espinosa, Julio Manuel"]
[Result "1/2-1/2"]
[WhiteElo "2070"]
[BlackElo "2242"]
[PlyCount "69"]
[EventDate "2019.04.22"]
[EventType "swiss"]
[EventRounds "14"]
[EventCountry "COL"]
[SourceTitle "EXT 2024"]
[Source "ChessBase"]
[SourceDate "2023.10.10"]
[SourceVersion "1"]
[SourceVersionDate "2023.10.10"]
[SourceQuality "1"]

1. e4 d6 2. Ne2 e5 3. d4 exd4 4. Nxd4 Nf6 5. Nc3 Be7 6. Be2 0-0 7. Be3 Re8 8. 0-0 Bf8 9. Qd3 d5 10. exd5 Nxd5 11. Nxd5 Qxd5 12. Bf3 Qd8 13. Qb3 c6 14. Rad1 Qf6 15. c3 Nd7 16. Rfe1 Ne5 17. Be2 c5 18. Nb5 Be6 19. Qa4 Rec8 20. Nd6 Bd7 21. Bb5 Bxb5 22. Nxb5 Qg6 23. Kh1 a6 24. Na3 b5 25. Qc2 Qh5 26. Qe4 Re8 27. Qd5 c4 28. Bf4 Red8 29. Qxd8 Rxd8 30. Rxd8 Nd3 31. Bd6 Nxf2+ 32. Kg1 Nh3+ 33. Kh1 Nf2+ 34. Kg1 Nh3+ 35. Kh1 1/2-1/2

[Event "Cartagena Bolivar Cup"]
[Site "Cartagena"]
[Date "2019.04.22"]
[Round "14.6"]
[White "Espinosa, Julio Manuel"]
[Black "Aguero Jimenez, Luis Lazaro"]
[Result "1-0"]
[WhiteElo "2242"]
[BlackElo "2452"]
[PlyCount "73"]
[EventDate "2019.04.22"]
[EventType "swiss"]
[EventRounds "14"]
[EventCountry "COL"]
[SourceTitle "EXT 2024"]
[Source "ChessBase"]
[SourceDate "2023.10.10"]
[SourceVersion "1"]
[SourceVersionDate "2023.10.10"]
[SourceQuality "1"]

1. e4 c5 2. Nf3 e6 3. d3 d5 4. Nbd2 Nf6 5. g3 Be7 6. Bg2 0-0 7. 0-0 Nc6 8. Re1 b5 9. e5 Nd7 10. Nf1 Bb7 11. h4 Qc7 12. Bf4 Rfc8 13. N1h2 Qd8 14. Ng4 Bf8 15. h5 h6 16. Qd2 Ne7 17. Nh4 Kh7 18. c3 a5 19. d4 cxd4 20. cxd4 b4 21. Re3 Qc7 22. Bf1 Ba6 23. Bxa6 Kh8 24. Bd3 Nb6 25. Rf3 Nc4 26. Qe2 Nc6 27. Be3 Be7 28. Rxf7 Rf8 29. Nxh6 Rxf7 30. Nxf7+ Kg8 31. Nh6+ gxh6 32. Qg4+ Kf8 33. Bxh6+ Ke8 34. Qxe6 Nxd4 35. Bg6+ Kd8 36. Qg8+ Kd7 37. Qxd5+ 1-0

[Event "Pan American-ch Seniors 50"]
[Site "Neiva"]
[Date "2017.10.12"]
[Round "4"]
[White "Buitrago Grajales, Juan Carlos"]
[Black "Espinosa, Julio Manuel"]
[Result "1/2-1/2"]
[WhiteElo "2031"]
[BlackElo "2239"]
[PlyCount "29"]
[EventDate "2017.10.11"]
[EventType "swiss"]
[EventRounds "9"]
[EventCountry "COL"]
[SourceTitle "CBM 181 Extra"]
[Source "ChessBase"]
[SourceDate "2017.12.12"]
[SourceVersion "1"]
[SourceVersionDate "2017.12.12"]
[SourceQuality "1"]

1. d4 d5 2. c4 e5 3. dxe5 dxc4 4. Qxd8+ Kxd8 5. Nf3 f6 6. Nc3 c6 7. e4 Be6 8. Be3 Nd7 9. 0-0-0 Kc7 10. Nd2 a5 11. Na4 b6 12. Nxb6 Rb8 13. Kb1 Ne7 14. f3 Nc8 15. Be2 1/2-1/2

[Event "Pan American-ch Seniors 50"]
[Site "Neiva"]
[Date "2017.10.12"]
[Round "3"]
[White "Espinosa, Julio Manuel"]
[Black "Carvalho, Herbert Abreu"]
[Result "0-1"]
[WhiteElo "2239"]
[BlackElo "2153"]
[PlyCount "50"]
[EventDate "2017.10.11"]
[EventType "swiss"]
[EventRounds "9"]
[EventCountry "COL"]
[SourceTitle "CBM 181 Extra"]
[Source "ChessBase"]
[SourceDate "2017.12.12"]
[SourceVersion "1"]
[SourceVersionDate "2017.12.12"]
[SourceQuality "1"]

1. e4 g6 2. d4 Bg7 3. Nc3 d6 4. f4 Nf6 5. Nf3 c5 6. dxc5 Qa5 7. Bd3 Qxc5 8. Qe2 a6 9. Be3 Qc7 10. 0-0 Nc6 11. a3 0-0 12. Kh1 b5 13. Qe1 Bb7 14. Qh4 Na5 15. Rae1 Nc4 16. Bc1 Rae8 17. f5 e5 18. Bg5 Nxb2 19. Bxf6 Bxf6 20. Qxf6 Qxc3 21. h4 Qc7 22. Ng5 Qd8 23. Nxh7 Kxh7 24. fxg6+ fxg6 25. Qxd8 Rxd8 0-1

[Event "Pan American-ch Seniors 50"]
[Site "Neiva"]
[Date "2017.10.11"]
[Round "2"]
[White "Polo, Victor Ramon"]
[Black "Espinosa, Julio Manuel"]
[Result "0-1"]
[WhiteElo "2112"]
[BlackElo "2239"]
[PlyCount "35"]
[EventDate "2017.10.11"]
[EventType "swiss"]
[EventRounds "9"]
[EventCountry "COL"]
[SourceTitle "CBM 181 Extra"]
[Source "ChessBase"]
[SourceDate "2017.12.12"]
[SourceVersion "1"]
[SourceVersionDate "2017.12.12"]
[SourceQuality "1"]

1. d4 d6 2. Nf3 Nf6 3. Bf4 c6 4. c3 Qb6 5. Qb3 Be6 6. Qxb6 axb6 7. e3 b5 8. Nbd2 Nd5 9. Bg3 b4 10. cxb4 Nxb4 11. Rc1 Nd5 12. e4 Nb6 13. Bd3 g6 14. Bf4 Bg7 15. Be3 d5 16. 0-0 h6 17. Ne5 N8d7 18. f4 0-1

[Event "Maicao op"]
[Site "Maicao"]
[Date "2012.10.14"]
[Round "5"]
[White "Espinosa, Julio Manuel"]
[Black "Andrade Truyol, Geiner Jose"]
[Result "1-0"]
[WhiteElo "2282"]
[BlackElo "1923"]
[PlyCount "84"]
[EventDate "2012.10.13"]
[EventType "swiss"]
[EventRounds "6"]
[EventCountry "COL"]
[SourceTitle "EXT 2013"]
[Source "ChessBase"]
[SourceDate "2012.11.22"]
[SourceVersion "1"]
[SourceVersionDate "2012.11.22"]
[SourceQuality "1"]

1. e4 c5 2. Nf3 d6 3. c3 Nf6 4. Be2 Nc6 5. d3 g6 6. 0-0 Bg7 7. Re1 0-0 8. Bf1 Rb8 9. h3 b5 10. a3 a5 11. d4 cxd4 12. cxd4 d5 13. e5 Ne4 14. Nbd2 f5 15. exf6 Nxf6 16. Ne5 Nxd4 17. Nb1 Nf5 18. Nc6 Qc7 19. Nxb8 Bb7 20. Nc3 Qxb8 21. g4 Nh4 22. Be2 d4 23. Nxb5 Ne4 24. f4 Rxf4 25. Bxf4 Qxf4 26. Qb3+ Kh8 27. Rf1 Qe5 28. Qd3 Ng5 29. Kf2 Ng2 30. Nc3 Nf4 31. Qb5 Ngxh3+ 32. Ke1 Ng2+ 33. Kd1 Ne3+ 34. Kc1 Qb8 35. Rf3 dxc3 36. bxc3 Ng1 37. Rxe3 Nxe2+ 38. Rxe2 Qf4+ 39. Kb2 Qf3 40. Qe8+ Bf8 41. Rxe7 Qf2+ 42. Re2 Qf3 1-0

[Event "San Cristobal Bolivar op 1st"]
[Site "San Cristobal"]
[Date "2012.09.29"]
[Round "9"]
[White "Varela la Madrid, Tilsia Carolin"]
[Black "Espinosa, Julio Manuel"]
[Result "0-1"]
[WhiteElo "2019"]
[BlackElo "2301"]
[PlyCount "70"]
[EventDate "2012.09.25"]
[EventType "swiss"]
[EventRounds "10"]
[EventCountry "VEN"]
[SourceTitle "EXT 2013"]
[Source "ChessBase"]
[SourceDate "2012.11.22"]
[SourceVersion "1"]
[SourceVersionDate "2012.11.22"]
[SourceQuality "1"]

1. e4 d6 2. d4 Nf6 3. Nc3 g6 4. Nf3 Bg7 5. h3 0-0 6. Be3 e5 7. dxe5 dxe5 8. Bc4 Qe7 9. 0-0 c6 10. a4 Nbd7 11. Re1 Nc5 12. Nd2 Ne6 13. Nb3 Rd8 14. Qc1 Nd4 15. Bg5 Qb4 16. Bf1 Nxb3 17. cxb3 Qxb3 18. Re3 Qe6 19. b3 h6 20. Bc4 Qe7 21. Bxf6 Bxf6 22. Rf3 Kg7 23. Nd1 Be6 24. Ne3 Bg5 25. Qc3 Rd4 26. Nc2 Rxe4 27. Bd3 Rh4 28. Re1 Bf6 29. Be4 Bd5 30. g4 Re8 31. Nb4 Bxe4 32. Rxe4 h5 33. Rfe3 hxg4 34. hxg4 Qd7 35. f3 Reh8 0-1

[Event "Ibague op"]
[Site "Ibague"]
[Date "2011.08.27"]
[Round "5"]
[White "Espinosa, Julio Manuel"]
[Black "Hernandez Sanchez, Jairo Andres"]
[Result "0-1"]
[WhiteElo "2282"]
[BlackElo "2179"]
[PlyCount "120"]
[EventDate "2011.08.26"]
[EventType "swiss"]
[EventRounds "7"]
[EventCountry "COL"]
[SourceTitle "CBM 144 Extra"]
[Source "ChessBase"]
[SourceDate "2011.10.28"]
[SourceVersion "1"]
[SourceVersionDate "2011.10.28"]
[SourceQuality "1"]

1. e4 c5 2. Nf3 g6 3. d4 cxd4 4. c3 Bg7 5. Bc4 d3 6. 0-0 Nc6 7. Qxd3 d6 8. Rd1 Nf6 9. e5 Ng4 10. exd6 Bf5 11. Qe2 0-0 12. dxe7 Qxe7 13. Qxe7 Nxe7 14. h3 Ne5 15. Nxe5 Bxe5 16. Bg5 Nc6 17. Nd2 Rfe8 18. Nf3 Bg7 19. g4 Be4 20. Bd5 h6 21. Be3 b5 22. Bxe4 Rxe4 23. Rd6 Rc8 24. Rad1 b4 25. cxb4 Nxb4 26. Rd8+ Re8 27. Rxe8+ Rxe8 28. Bd2 Rb8 29. Bf4 Rb7 30. a4 Nc6 31. Rd6 Ne7 32. Be5 Rb3 33. Kg2 a5 34. Nd2 Rb4 35. Bxg7 Kxg7 36. b3 g5 37. Ra6 Ng6 38. Rxa5 Rd4 39. Nc4 Nf4+ 40. Kh2 Rd3 41. b4 Rxh3+ 42. Kg1 Ne2+ 43. Kf1 Nf4 44. Ke1 Nd3+ 45. Kd2 Nxb4 46. Ne3 Rf3 47. Rf5 Rf4 48. Kc3 Nc6 49. Rxf4 gxf4 50. Nf5+ Kg6 51. Nd4 Nb8 52. Nf3 f5 53. Nh4+ Kg5 54. gxf5 Kxh4 55. f6 Kg5 56. f7 Nd7 57. a5 Kf6 58. f8Q+ Nxf8 59. a6 Ne6 60. a7 Nc7 0-1

[Event "Bogota McGregor op 1st"]
[Site "Bogota"]
[Date "2010.12.04"]
[Round "4"]
[White "Espinosa, Julio Manuel"]
[Black "Aponte Martinez, Juan Camilo"]
[Result "1-0"]
[WhiteElo "2300"]
[BlackElo "1992"]
[PlyCount "61"]
[EventDate "2010.12.03"]
[EventType "swiss"]
[EventRounds "10"]
[EventCountry "COL"]
[SourceTitle "CBM 139 Extra"]
[Source "ChessBase"]
[SourceDate "2011.01.05"]
[SourceVersion "1"]
[SourceVersionDate "2011.01.05"]
[SourceQuality "1"]

1. e4 e5 2. Nf3 Nc6 3. Bb5 f5 4. Bxc6 dxc6 5. 0-0 Bd6 6. d4 fxe4 7. dxe5 Be7 8. Qxd8+ Bxd8 9. Nd4 Ne7 10. Nc3 Ng6 11. Re1 0-0 12. Rxe4 c5 13. Nb3 Bf5 14. Re2 Be7 15. Nd5 c4 16. Nd4 Rad8 17. Nxe7+ Nxe7 18. Be3 Rd5 19. e6 Rfd8 20. c3 c5 21. Nxf5 Nxf5 22. Bf4 Ne7 23. Rae1 h6 24. h4 Ng6 25. Bg3 Re8 26. f3 Kf8 27. Re4 b5 28. Bf2 Ke7 29. a4 a6 30. axb5 axb5 31. Ra1 1-0

[Event "Charala op"]
[Site "Charala"]
[Date "2010.07.20"]
[Round "7"]
[White "Espinosa, Julio Manuel"]
[Black "Zuluaga Mancilla, Cesar"]
[Result "1/2-1/2"]
[WhiteElo "2282"]
[BlackElo "2305"]
[PlyCount "102"]
[EventDate "2010.07.17"]
[EventType "swiss"]
[EventRounds "8"]
[EventCountry "COL"]
[SourceTitle "CBM 137 Extra"]
[Source "ChessBase"]
[SourceDate "2010.09.01"]
[SourceVersion "1"]
[SourceVersionDate "2010.09.01"]
[SourceQuality "1"]

1. e4 c5 2. Nf3 e6 3. d3 Nc6 4. g3 Nf6 5. Bg2 d5 6. Nbd2 Be7 7. 0-0 0-0 8. Re1 a6 9. e5 Nd7 10. Nf1 b5 11. h4 Bb7 12. Bf4 Rc8 13. c3 b4 14. Ng5 h6 15. Nf3 Re8 16. Qd2 Nf8 17. h5 Nh7 18. N1h2 a5 19. Rad1 a4 20. c4 Na5 21. Qc1 Rc7 22. Ng4 Bf8 23. Ne3 dxc4 24. Nxc4 Nxc4 25. dxc4 Qa8 26. Qe3 Be7 27. Rd3 Rd8 28. Red1 Rxd3 29. Rxd3 Bc6 30. Ne1 Bxg2 31. Nxg2 Qc6 32. Ne1 Nf8 33. Nf3 Rd7 34. Nd2 Rxd3 35. Qxd3 Qd7 36. Qxd7 Nxd7 37. b3 axb3 38. axb3 Bd8 39. Ne4 Bc7 40. Kf1 f5 41. exf6 Bxf4 42. f7+ Kxf7 43. gxf4 g6 44. hxg6+ Kxg6 45. Kg2 h5 46. Kf3 Kf5 47. Nd6+ Kf6 48. Ne4+ Kg6 49. Nd6 Kf6 50. Ne4+ Kf5 51. Nd6+ Kf6 1/2-1/2

[Event "Bogota Central op"]
[Site "Bogota"]
[Date "2008.11.08"]
[Round "6.6"]
[White "Espinosa, Julio Manuel"]
[Black "Gutierrez Herrera, Jose Antonio"]
[Result "1-0"]
[WhiteElo "2290"]
[BlackElo "2243"]
[PlyCount "85"]
[EventDate "2008.11.05"]
[EventType "swiss"]
[EventRounds "6"]
[EventCountry "COL"]
[SourceTitle "EXT 2024"]
[Source "ChessBase"]
[SourceDate "2023.10.10"]
[SourceVersion "1"]
[SourceVersionDate "2023.10.10"]
[SourceQuality "1"]

1. e4 c5 2. Nf3 e6 3. c3 Nf6 4. e5 Nd5 5. Bc4 Nb6 6. Bb3 d6 7. 0-0 dxe5 8. Nxe5 N8d7 9. d4 Nxe5 10. dxe5 Qxd1 11. Rxd1 Bd7 12. c4 Bc6 13. Nc3 a6 14. f4 Be7 15. a4 a5 16. Be3 0-0 17. Rd2 Rfd8 18. Rad1 Rxd2 19. Rxd2 f6 20. exf6 gxf6 21. f5 exf5 22. Bc2 Re8 23. Bf4 Bf8 24. b3 Be4 25. Re2 Kf7 26. Nxe4 fxe4 27. Rxe4 Rd8 28. Re2 Rd4 29. Bc7 Nd7 30. Bxa5 Bd6 31. Re4 h5 32. Re2 Rh4 33. g3 Rd4 34. Bc3 Ne5 35. Bxd4 cxd4 36. Kf1 b6 37. Rd2 Bc5 38. b4 Bxb4 39. Rxd4 Ng4 40. Ke2 Nxh2 41. Bf5 Ng4 42. Bxg4 hxg4 43. Rxg4 1-0

[Event "Bogota Central op"]
[Site "Bogota"]
[Date "2008.11.07"]
[Round "5.11"]
[White "Espinosa, Julio Manuel"]
[Black "Pinzon, Jairo David"]
[Result "1-0"]
[WhiteElo "2290"]
[BlackElo "2134"]
[PlyCount "49"]
[EventDate "2008.11.05"]
[EventType "swiss"]
[EventRounds "6"]
[EventCountry "COL"]
[SourceTitle "EXT 2024"]
[Source "ChessBase"]
[SourceDate "2023.10.10"]
[SourceVersion "1"]
[SourceVersionDate "2023.10.10"]
[SourceQuality "1"]

1. e4 c5 2. d4 e6 3. Nf3 Nf6 4. e5 Nd5 5. Be2 d6 6. 0-0 cxd4 7. Qxd4 Nc6 8. Qe4 Bd7 9. Rd1 dxe5 10. Nxe5 Nxe5 11. Qxe5 Bc6 12. c4 Qf6 13. Rxd5 Bxd5 14. Qxf6 gxf6 15. cxd5 0-0-0 16. dxe6 fxe6 17. Nc3 Kb8 18. Be3 f5 19. Nb5 Bg7 20. Bxa7+ Ka8 21. Be3 Bxb2 22. Rb1 Be5 23. f4 Bd6 24. Bb6 Rd7 25. Rd1 1-0

[Event "Barrancabermeja Grand Prix"]
[Site "Barrancabermeja"]
[Date "2007.06.02"]
[Round "4"]
[White "Becerra, Juan David"]
[Black "Espinosa, Julio Manuel"]
[Result "0-1"]
[WhiteElo "2098"]
[BlackElo "2186"]
[PlyCount "74"]
[EventDate "2007.06.01"]
[EventType "swiss"]
[EventRounds "7"]
[EventCountry "COL"]
[SourceTitle "EXT 2024"]
[Source "ChessBase"]
[SourceDate "2023.10.10"]
[SourceVersion "1"]
[SourceVersionDate "2023.10.10"]
[SourceQuality "1"]

1. e4 e5 2. Nf3 Nc6 3. Bc4 Be7 4. d4 d6 5. 0-0 Nf6 6. Re1 0-0 7. c3 Bg4 8. d5 Nb8 9. Nbd2 g6 10. h3 Bc8 11. Nf1 Kh8 12. Bb3 Ng8 13. Bc2 Nd7 14. g4 h5 15. gxh5 Ndf6 16. hxg6 fxg6 17. Ng3 Bxh3 18. Ng5 Bg4 19. f3 Nh7 20. fxg4 Bxg5 21. Kg2 Bf4 22. Bxf4 Rxf4 23. Rf1 Qg5 24. Rxf4 Qxf4 25. Qf3 Qg5 26. Rh1 Nh6 27. Bd1 Kg7 28. Rf1 Nf6 29. Qf2 b6 30. Nh1 Nhxg4 31. Bxg4 Qxg4+ 32. Ng3 Rf8 33. Qf3 Qg5 34. Kh1 Rh8+ 35. Kg2 Rh4 36. Rf2 Rf4 37. Qe3 Ng4 0-1

[Event "Huila Centenary op"]
[Site "Neiva"]
[Date "2005.05.15"]
[Round "9"]
[White "Acosta, Alejandro"]
[Black "Espinosa, Julio Manuel"]
[Result "1-0"]
[WhiteElo "2297"]
[BlackElo "2315"]
[PlyCount "35"]
[EventDate "2005.05.10"]
[EventType "swiss"]
[EventRounds "9"]
[EventCountry "COL"]
[SourceTitle "CBM 106 Extra"]
[Source "ChessBase"]
[SourceDate "2005.07.01"]
[SourceVersion "1"]
[SourceVersionDate "2005.07.01"]
[SourceQuality "1"]

1. e4 e5 2. Nf3 Qe7 3. Nc3 c6 4. d4 d6 5. Bg5 f6 6. Be3 Qc7 7. Bc4 Ne7 8. Bb3 Ng6 9. Qe2 Nd7 10. a4 exd4 11. Nxd4 Nc5 12. Ba2 Bd7 13. b4 Na6 14. b5 Nc5 15. 0-0 0-0-0 16. bxc6 bxc6 17. Rfb1 Re8 18. Nb3 1-0

[Event "Huila Centenary op"]
[Site "Neiva"]
[Date "2005.05.13"]
[Round "7"]
[White "Garcia Alarcon, Alvaro"]
[Black "Espinosa, Julio Manuel"]
[Result "0-1"]
[WhiteElo "2201"]
[BlackElo "2315"]
[PlyCount "95"]
[EventDate "2005.05.10"]
[EventType "swiss"]
[EventRounds "9"]
[EventCountry "COL"]
[SourceTitle "CBM 106 Extra"]
[Source "ChessBase"]
[SourceDate "2005.07.01"]
[SourceVersion "1"]
[SourceVersionDate "2005.07.01"]
[SourceQuality "1"]

1. d4 Nf6 2. c4 g6 3. Nc3 Bg7 4. e4 d6 5. Nge2 0-0 6. Ng3 e5 7. d5 c6 8. Be2 cxd5 9. cxd5 a6 10. a4 Nbd7 11. Be3 h5 12. Ra3 Qa5 13. Qd2 Nc5 14. f3 h4 15. Nf1 Nh5 16. Na2 Qd8 17. b4 Nd7 18. g3 a5 19. b5 Nc5 20. Rg1 hxg3 21. hxg3 f5 22. Nc3 fxe4 23. Nxe4 Nxe4 24. fxe4 Nf6 25. Bg5 Qb6 26. Qe3 Qxe3 27. Rxe3 Ng4 28. Bxg4 Bxg4 29. Rc3 Rac8 30. Rxc8 Rxc8 31. Ne3 Bf3 32. Kd2 Bxe4 33. Rc1 Rxc1 34. Kxc1 Kf7 35. Nc4 Bxd5 36. Nxd6+ Ke6 37. Ne8 Bf8 38. Nc7+ Kd6 39. b6 Kc6 40. Bd2 Bb3 41. Kb2 Bxa4 42. Bxa5 Bc5 43. Ne6 Bxb6 44. Be1 Kd5 45. Nf8 Be8 46. Kc2 g5 47. Kd1 Bh5+ 48. Kc1 0-1